[Event "Peace Tournament 2019"]
[Site "Zagreb"]
[Date "2019.11.28"]
[Round "9.5"]
[White "Bacrot, Etienne"]
[Black "Kozul, Zdenko"]
[Result "1-0"]
[WhiteElo "2669"]
[BlackElo "2593"]
[Annotator "TA"]
[PlyCount "75"]
[EventDate "2019.11.19"]
[EventType "tourn"]
[EventCountry "CRO"]
[SourceTitle "playchess.com"]
[Source "ChessBase"]
[SourceQuality "1"]

{[%evp 11,75,22,23,21,13,17,14,6,7,12,59,47,69,70,71,59,65,69,58,63,61,43,53,42,56,59,52,45,43,39,46,14,53,0,0,-46,0,-9,3,0,0,0,56,75,41,0,115,35,118,120,123,107,105,113,121,0,189,189,527,527,719,712,712,694,659,657]} 1. e4 c5 2. Nf3 d6 3. Bb5+ Bd7 4. Bxd7+ Nxd7 5. O-O Ngf6 6. Qe2 Rc8 7. c3 {B52: Sicilian: Moscow Variation with 3...Bd7} (7. b3 g6 8. Bb2 e5 9. d3 Bg7 10. Nc3 Nf8 11. Nd2 Ne6 12. Nc4 a6 13. a4 O-O 14. g3 Nd4 {½-½ (43) Anand,V (2767)-Vachier Lagrave,M (2779) Zagreb 2019}) 7... e6 8. d4 cxd4 9. cxd4 {The position is equal.} d5 10. e5 Ne4 11. Be3 Qb6 12. Ne1 {Strongly threatening f3.} h6 $146 ({Predecessor:} 12... f6 13. f3 Ng5 14. Nd3 Be7 {½-½ (43) Iordachescu,V (2563)-Timofeev,A (2663) Moscow 2007}) 13. Nd3 Be7 14. f3 Ng5 15. Nc3 O-O 16. Rac1 Rc6 17. f4 Ne4 18. Nxe4 dxe4 19. Nf2 $1 Qa5 20. Nxe4 Qxa2 21. Nc3 Qb3 22. f5 (22. Rcd1 $14) 22... exf5 $11 23. d5 Rg6 24. Rxf5 a6 25. Rd1 Re8 26. Bd4 {Black must now prevent Rxf7.} Bc5 (26... Bd8 $11) 27. Bxc5 $14 Nxc5 28. d6 Kh7 (28... Rg5 $11 29. Rxg5 hxg5) 29. Qf2 ({White should play} 29. Rd4 $16) 29... Nd7 (29... Na4 $1 $14) 30. Rxf7 $16 Nxe5 31. Re7 Ng4 32. Qd4 $36 {[%mdl 2048] White has strong initiative.} Rd8 33. Ne4 (33. d7 $16) 33... Qc2 $2 (33... Qe3+ $11 34. Nf2 Qxf2+ 35. Qxf2 Nxf2 36. Kxf2 Rdxd6 37. Rxd6 Rxd6) 34. Qd2 $18 Rgxd6 $2 {[#]} (34... Qc4 {is a better chance.} 35. Rf1 Rgxd6 {[%mdl 64] Decoy} 36. Nxd6 Qc5+ 37. Kh1 Rxd6) 35. Ng5+ $1 {[%mdl 512] White is clearly winning.} Kg8 {[#]} (35... hxg5 36. Qxc2+) 36. Re8+ $1 {[%mdl 512]} Rxe8 37. Qxc2 {White wants to mate with Qh7+.} hxg5 38. Qc4+ {[%mdl 64] Double Attack. Accuracy: White = 72%, Black = 46%.} 1-0

[Event "Peace Tournament 2019"]
[Site "Zagreb"]
[Date "2019.11.28"]
[Round "9.6"]
[White "Ragger, Markus"]
[Black "Nisipeanu, Liviu-Dieter"]
[Result "1/2-1/2"]
[WhiteElo "2669"]
[BlackElo "2656"]
[Annotator "TA"]
[PlyCount "33"]
[EventDate "2019.11.19"]
[EventType "tourn"]
[EventCountry "CRO"]
[SourceTitle "playchess.com"]
[Source "ChessBase"]
[SourceQuality "1"]

{[%evp 16,29,37,44,51,43,39,25,29,7,7,7,7,0,0,-26]} 1. d4 Nf6 2. c4 e6 3. Nf3 d5 4. g3 Be7 5. Bg2 O-O 6. O-O dxc4 7. Qc2 a6 8. a4 Nbd7 9. Nbd2 b6 {E05: Open Catalan: 5 Nf3 Be7} (9... c5 10. dxc5 c3 11. bxc3 Bxc5 12. Nb3 Be7 13. c4 Qc7 14. a5 Nc5 15. Bf4 Bd6 16. Nxc5 Bxf4 17. Nd3 Bd6 18. c5 Bd7 19. Nd4 e5 20. cxd6 {1-0 (20) Edouard,R (2640)-Minko,V (2438) Minsk 2017}) 10. Ne5 Nxe5 11. Bxa8 Qxd4 12. Nf3 Nxf3+ {The position is equal.} 13. Bxf3 Nd5 14. Bd2 b5 15. axb5 {Predecessor:} axb5 $146 16. Rfd1 Qc5 17. e4 {1-0 (57) Jussupow,A (2490)-Agzamov,G Baku (Azerbaijan) 1979} 1/2-1/2

[Event "Peace Tournament 2019"]
[Site "Zagreb"]
[Date "2019.11.29"]
[Round "10.1"]
[White "Bosiocic, Marin"]
[Black "Nisipeanu, Liviu-Dieter"]
[Result "1/2-1/2"]
[WhiteElo "2598"]
[BlackElo "2656"]
[Annotator "RC"]
[PlyCount "46"]
[EventDate "2019.11.19"]
[EventType "tourn"]
[EventCountry "CRO"]
[SourceTitle "playchess.com"]
[Source "ChessBase"]
[SourceQuality "1"]
[TimeControl "40/5400+30:1800+30"]

1. e4 {[%emt 0:00:30]} c6 {[%emt 0:00:30]} 2. d4 {[%emt 0:00:00]} d5 {[%emt 0:00:00]} 3. e5 {[%emt 0:00:00]} Bf5 {[%emt 0:00:00]} 4. Nf3 {[%emt 0:00:00]} e6 {[%emt 0:00:00]} 5. Be2 {[%emt 0:00:00]} Ne7 {[%emt 0:00:00]} 6. O-O {[%emt 0:00:30]} Bg6 {[%emt 0:00:30]} 7. c3 {[%emt 0:01:30]} Nf5 {[%emt 0:00:30]} 8. Nbd2 {[%emt 0:00:30]} h5 {[%emt 0:01:30]} 9. a4 {[%emt 0:00:30]} Nd7 {[%emt 0:01:30]} 10. a5 {[%emt 0:01:30]} a6 {[%emt 0:00:30]} 11. b4 {[%emt 0:00:30]} h4 {[%emt 0:08:30]} 12. Ne1 {[%emt 0:01:30]} f6 {[%emt 0:06:30]} 13. Nd3 {[%emt 0:01:30]} Qc7 {[%emt 0:24:30]} 14. Nf3 {[%emt 0:00:00]} h3 {[%emt 0:00:30]} 15. g3 {[%emt 0:08:00]} Bf7 {[%emt 0:00:30]} 16. Nc5 {[%emt 0:10:30]} O-O-O {[%emt 0:25:30]} 17. Rb1 {[%emt 0:01:30]} Re8 {[%emt 0:00:30]} 18. Nxa6 {[%emt 0:03:30]} bxa6 {[%emt 0:00:30]} 19. Bxa6+ {[%emt 0:00:30]} Kd8 {[%emt 0:05:30]} 20. b5 {[%emt 0:00:00]} Qxa5 {[%emt 0:03:05]} 21. Bd2 {[%emt 0:04:00]} Bh5 {[%emt 0:00:20]} 22. Ra1 {[%emt 0:06:30]} Qc7 {[%emt 0:04:08]} 23. Re1 {[%emt 0:07:30]} c5 {[%emt 0:04:23]} 1/2-1/2

[Event "Peace Tournament 2019"]
[Site "Zagreb"]
[Date "2019.11.29"]
[Round "10.2"]
[White "Kozul, Zdenko"]
[Black "Ragger, Markus"]
[Result "0-1"]
[WhiteElo "2593"]
[BlackElo "2669"]
[Annotator "TA"]
[PlyCount "62"]
[EventDate "2019.11.19"]
[EventType "tourn"]
[EventCountry "CRO"]
[SourceTitle "playchess.com"]
[Source "ChessBase"]
[SourceQuality "1"]

{[%evp 18,88,-13,-37,-13,-16,-19,-18,-9,-8,-11,-21,0,-10,-24,-19,-20,-13,-10,-92,-90,-94,-72,-80,0,0,53,-83,-105,-106,-97,-108,-95,-99,-90,-162,-158,-216,-199,-198,-213,-277,-269,-260,-218,-383,-287,-407,-351,-611,-437,-592,-639,-588,0,-447,-216,-216,-215,-275,-281,-288,-286,-358,-359,-342,-349,-359,-352,-372,-372,-354,-329]} 1. Nf3 Nf6 2. c4 c5 3. e3 g6 4. d4 cxd4 5. exd4 d5 6. Nc3 Bg7 7. cxd5 Nxd5 8. Bb5+ Nc6 9. Qb3 Nxc3 10. bxc3 (10. Bxc6+ {is interesting.} bxc6 11. Qxc3 c5 12. Qxc5 Bb7 13. Qa3) 10... O-O {A35: Symmetrical English: 2 Nc3 Nc6 3 Nf3} (10... Be6 {feels hotter.} 11. Bc4 Bxc4 12. Qxc4 Rc8 13. Qb3 Qc7) 11. Bxc6 (11. O-O Be6 12. Qa3 Bd5 13. Be2 Qc7 14. Rd1 Rac8 15. Bg5 Qa5 16. Qxa5 Nxa5 17. Rdc1 e6 18. Nd2 {½-½ (136) Beinoras,M (2344)-Rambaldi,F (2557) London 2015}) 11... bxc6 12. O-O $1 c5 {The position is equal.} 13. dxc5 $146 ({Predecessor:} 13. Ba3 cxd4 14. cxd4 Be6 15. Qe3 Re8 16. Bc5 Bd5 17. Ne5 Qc7 18. a4 a5 19. Rab1 Ra6 20. Rfe1 Re6 21. Qc3 Bxe5 22. Rxe5 Rxe5 23. dxe5 Rc8 24. Rc1 e6 {½-½ (24) Vleeshhouwer,D (1946)-Lovell,W (1754) Hull 2018}) 13... Qa5 14. Be3 Be6 15. Qb7 Bxc3 16. Rac1 Bf6 17. Nd4 Qxa2 18. Nc6 (18. Nxe6 $11 {keeps the balance.} Qxe6 19. Rfe1) 18... Rfe8 $17 19. Nb4 Qa4 20. Na6 Rec8 ({Black should try} 20... Be5 $17 21. c6 Bd5) 21. c6 $11 Bc4 (21... Bf5 $11) 22. Rxc4 (22. Nc5 $14 {was forced to keep a grip.} Qb5 23. Rfd1) 22... Qxc4 $17 23. c7 {Strongly threatening Rc1.} Be5 {[%cal Re5c7]} 24. Rc1 Qe6 25. g3 h5 26. Kg2 {[#]} (26. Nb8 $17 {is a better defense.} Rcxb8 27. cxb8=N Rxb8 28. Qe4) 26... h4 $1 $19 27. Rc5 (27. Qb5 $17 {was necessary.}) (27. gxh4 Qg4+) 27... Bd6 28. Rc1 Kg7 29. Qc6 hxg3 30. hxg3 Rh8 31. Kf3 $2 (31. Nb8 Qh3+ 32. Kf3 Qf5+ 33. Kg2 Bxc7 34. Qxa8 Bxb8 35. Bd4+ e5 36. Be3) 31... Qf5+ {Played: Ra8-c8} 0-1

[Event "Peace Tournament 2019"]
[Site "Zagreb"]
[Date "2019.11.29"]
[Round "10.3"]
[White "Zelcic, Robert"]
[Black "Bacrot, Etienne"]
[Result "1/2-1/2"]
[WhiteElo "2526"]
[BlackElo "2669"]
[Annotator "TA"]
[PlyCount "32"]
[EventDate "2019.11.19"]
[EventType "tourn"]
[EventCountry "CRO"]
[SourceTitle "playchess.com"]
[Source "ChessBase"]
[SourceQuality "1"]

{[%evp 14,32,0,0,2,0,8,1,17,0,8,18,23,17,28,30,31,22,20,12,11]} 1. e4 e6 2. d4 d5 3. exd5 exd5 4. Bd3 c5 5. dxc5 Bxc5 6. Nf3 Nf6 7. O-O O-O 8. Bg5 h6 {C01: French: Exchange Variation} ({Predecessor:} 8... Nc6 9. Nc3 h6 {½-½ (15) Dragomarezkij,E (2377)-Babikov,I (2284) Moscow 2013}) 9. Bh4 Nc6 10. Nc3 Be6 11. Re1 Re8 12. Qd2 d4 13. Bxf6 Qxf6 14. Ne4 $1 {[%csl LRc5,LRf6]} Qe7 $1 15. Nxc5 $146 (15. a3 Bb6 16. Re2 a5 17. Ng3 a4 {½-½ (70) Bauer,C (2644)-Ernst,S (2541) Maastricht 2018}) 15... Qxc5 16. a3 Bc4 1/2-1/2

[Event "Peace Tournament 2019"]
[Site "Zagreb"]
[Date "2019.11.29"]
[Round "10.4"]
[White "Dreev, Aleksey"]
[Black "Cheparinov, Ivan"]
[Result "1/2-1/2"]
[WhiteElo "2671"]
[BlackElo "2679"]
[Annotator "TA"]
[PlyCount "89"]
[EventDate "2019.11.19"]
[EventType "tourn"]
[EventCountry "CRO"]
[SourceTitle "playchess.com"]
[Source "ChessBase"]
[SourceQuality "1"]

{[%evp 16,89,58,43,40,15,29,23,32,23,20,0,0,0,23,12,25,14,18,8,45,9,117,8,45,29,62,53,71,16,19,8,30,19,64,20,20,18,24,28,25,20,31,31,45,45,53,39,49,22,50,44,38,0,63,0,0,0,0,0,8,3,25,-44,29,22,18,26,42,14,12,0,0,0,44,0]} 1. d4 g6 2. e4 Bg7 3. Nf3 d6 4. c3 Nf6 5. Bd3 O-O 6. O-O Nc6 7. h3 e5 8. Re1 h6 9. Na3 b6 {B07: Pirc Defence: Miscellaneous Systems} 10. Nc2 a5 $146 ({Predecessor:} 10... Bb7 11. d5 Ne7 12. Ne3 Bc8 13. a4 a5 14. b4 Bd7 15. Nf1 Nh7 16. Qc2 Qe8 17. b5 {0-1 (37) Udovenko,D (2015)-Demchenko,A (2671) Stavropol 2019}) 11. a4 Bb7 {White has an edge.} 12. Be3 Re8 13. dxe5 Nxe5 14. Nxe5 dxe5 15. Bb5 Nxe4 16. Bxe8 Qxe8 17. f3 Ng3 18. Bf4 (18. Na3 {feels hotter.} e4 19. Bf2 Nh5 20. fxe4 Qe7 21. Nc4) 18... Nf5 {[#]} (18... Ne4 $11) 19. Ne3 (19. Bxe5 $1 $16 {[%mdl 512]} Bxe5 20. Qe2) 19... Nxe3 20. Bxe3 Rd8 21. Qc2 Bc6 22. Red1 (22. Bf2 $16) 22... Rc8 23. Qb3 Bd7 24. Rd2 Be6 25. Qc2 Bf5 26. Qd1 Kh7 27. Qe2 Bd7 28. b3 Be6 29. c4 Qe7 30. Re1 Qb4 31. Qd1 c6 32. Rde2 b5 33. Bd2 Qc5+ 34. Be3 Qe7 (34... Qb4 $11) 35. c5 ({White should try} 35. axb5 $14 cxb5 36. cxb5) 35... Qh4 36. axb5 cxb5 37. Qd2 a4 38. Bf2 Qg5 39. Qb4 (39. Qxg5 $11 hxg5 40. bxa4 bxa4 41. Ra1) 39... Bxb3 (39... axb3 $15 40. Be3 Qd8) 40. Qxb5 $11 Qd8 41. Re4 Rb8 42. Qa6 Ra8 $1 {[%cal Ra8a6]} 43. Qb5 Rb8 44. Qa6 Ra8 $1 {[%cal Ra8a6]} 45. Qb5 {Accuracy: White = 39%, Black = 47%.} 1/2-1/2

[Event "Peace Tournament 2019"]
[Site "Zagreb"]
[Date "2019.11.29"]
[Round "10.5"]
[White "Ivanchuk, Vassily"]
[Black "Palac, Mladen"]
[Result "1-0"]
[WhiteElo "2679"]
[BlackElo "2550"]
[Annotator "TA"]
[PlyCount "75"]
[EventDate "2019.11.19"]
[EventType "tourn"]
[EventCountry "CRO"]
[SourceTitle "playchess.com"]
[Source "ChessBase"]
[SourceQuality "1"]

{[%evp 15,75,12,19,0,0,0,0,-21,-20,-21,-6,-23,0,-10,-8,-90,22,37,39,41,39,44,37,0,0,0,-5,-22,-22,-22,-22,-22,0,0,0,0,0,-12,-11,-12,-12,-28,67,68,63,66,465,445,406,265,267,269,297,305,300,302,303,303,287,267,258,233]} 1. e4 c5 2. Nf3 d6 3. d4 cxd4 4. Nxd4 Nf6 5. Nc3 a6 6. Bg5 e6 7. f4 Qb6 8. Nb3 Be7 9. Qd2 {B97: Sicilian Najdorf: Poisoned Pawn} (9. Qd3 {seems wilder.} Qc7 10. Be2 Nbd7 11. Bf3 Rb8 12. a4) 9... Nbd7 10. O-O-O Qc7 11. g3 {The position is equal.} (11. g4 h6 12. Bh4 g5 13. e5 gxh4 14. exd6 Bxd6 15. Qxd6 Qxd6 16. Rxd6 Nxg4 17. Bg2 {½-½ (82) Hector,J (2493)-Kulaots,K (2565) Lund 2019}) 11... b5 {[%cal Bb7b5,Bb5b4][%mdl 32]} 12. Bg2 Bb7 13. Rhe1 $146 ({Predecessor:} 13. a3 O-O 14. Rhe1 Rfc8 15. Kb1 Rab8 16. Re3 Ba8 {0-1 (63) Olds,G (800)-Weber,K (2416) IECG email 1999}) 13... b4 14. Na4 Rc8 15. Re2 (15. Nd4 $11) 15... h6 (15... a5 $17 16. Bxf6 gxf6) 16. Bxf6 $1 $11 Nxf6 17. Qxb4 Bxe4 {[%mdl 64] Remove Defender} 18. Bxe4 d5 19. Qd4 (19. Nac5 $5 {[%cal Rb4a4]} O-O 20. Bd3 $11) 19... Nxe4 20. Nb6 Rd8 $1 21. Nxd5 exd5 22. Qxg7 Rf8 23. Qxh6 Rd6 24. Qh5 Qd7 25. Nd4 $36 {[%mdl 2048] White has some pressure.} Kd8 $1 26. Nf5 Nf6 27. Qh3 Re6 28. Red2 Re4 ({Black should play} 28... Qa4 $11 29. Kb1 Bc5) 29. g4 $1 $14 {Strongly threatening Qb3.} Rxf4 30. Qe3 Rxg4 $2 {[%mdl 8192]} ({Don't blunder} 30... Rb4 $2 {[#]} 31. Rxd5 $1 {[%mdl 512]} Nxd5 32. Rxd5 $1 $18 {[%mdl 512]}) (30... Rxf5 $1 $14 31. gxf5 Qc7) 31. Nxe7 Re4 32. Nxd5 {White wants to mate with Qc5.} Rxe3 {White has a decisive advantage.} 33. Nxe3 Kc7 {...Qe6 is the strong threat.} 34. Rxd7+ Nxd7 35. h4 Rh8 36. Nd5+ Kc8 37. Rd4 Ne5 38. Re4 {Accuracy: White = 52%, Black = 56%.} 1-0

[Event "Peace Tournament 2019"]
[Site "Zagreb"]
[Date "2019.11.29"]
[Round "10.6"]
[White "Melkumyan, Hrant"]
[Black "Stevic, Hrvoje"]
[Result "1/2-1/2"]
[WhiteElo "2661"]
[BlackElo "2563"]
[Annotator "TA"]
[PlyCount "91"]
[EventDate "2019.11.19"]
[EventType "tourn"]
[EventCountry "CRO"]
[SourceTitle "playchess.com"]
[Source "ChessBase"]
[SourceQuality "1"]

{[%evp 10,91,23,40,117,102,15,0,0,0,0,0,0,-3,-2,2,-8,-14,180,176,202,204,187,189,204,173,341,321,357,358,513,523,522,528,516,513,507,525,525,525,511,520,493,476,485,466,466,457,453,436,460,456,500,456,453,449,438,420,460,460,599,588,1512,691,593,460,460,433,1577,1127,5284,5297,1752,1060,7214,6083,5210,1218,29969,29970,6187,5414,5410,5397]} 1. d4 d5 2. c4 dxc4 3. e4 e5 4. Nf3 Bb4+ 5. Nc3 exd4 6. Nxd4 Nd7 {D20: Queen's Gambit Accepted: 3 e3 and 3 e4} ({Black should play} 6... Bc5 $14 7. Be3 Nf6) 7. Bxc4 $16 Ngf6 ({Black should try} 7... Bxc3+ $16 8. bxc3 Ngf6) 8. Bxf7+ $146 {[%mdl 64] [#] Decoy} ({Predecessor:} 8. O-O O-O 9. Bg5 Ne5 10. Be2 c6 11. a3 Be7 12. h3 Qc7 13. Be3 Rd8 14. Qe1 {0-1 (48) Gupta,A (2630)-Edouard,R (2670) Dubai 2014}) 8... Kxf7 {The position is equal.} 9. Qb3+ {[%mdl 64] Double Attack} Ke8 10. O-O {And now Ne6 would win.} Bxc3 $1 11. Qxc3 {Ne6 is the strong threat.} Nf8 ({Of course not} 11... Nxe4 $6 12. Re1 $16) 12. Bg5 {Threatens to win with Rad1.} Ne6 13. Rad1 ({Much weaker is} 13. Nxe6 Bxe6 14. f4 h6 $15) 13... Nxg5 $2 (13... Qe7 $1 $11 14. Nf5 Nxe4 15. Bxe7 (15. Nxe7 $2 {loses.} Nxc3 16. Rde1 Kf7 $19) 15... Nxc3 16. bxc3 g6) 14. Nc6 $1 $18 {[%mdl 64] Discovered Attack} bxc6 15. Rxd8+ Kxd8 16. Qd2+ {[%mdl 64] Double Attack} Ke8 17. Qxg5 Kf7 $2 (17... Rg8 {was necessary.} 18. f4 Rb8) 18. Qf4 Kg6 19. Qg3+ Kh6 (19... Kf7 $142 20. Qxc7+ Nd7 21. Qf4+ Ke8) 20. h4 {[%csl Gh4][%cal Rg3g5]} g6 21. Qf4+ {[%mdl 64] Double Attack} Kg7 22. Qxc7+ {[%mdl 64] Double Attack} Nd7 23. Rd1 Re8 24. Qxc6 Rb8 25. Rxd7+ Bxd7 26. Qxd7+ {[%mdl 4160] Endgame Double Attack. KQ-KRR} Kg8 27. Qd5+ Kg7 28. Qd4+ Kg8 29. f3 Red8 30. Qc4+ Kg7 31. Qc3+ Kg8 32. Kh2 Rd7 33. b3 Rbb7 34. h5 Rbc7 35. Qf6 gxh5 36. Qg5+ (36. e5 $142 h6 37. Qxh6) 36... Kf8 37. e5 Rc6 38. f4 Rg6 (38... Re7 $142 39. Qxh5 h6) 39. Qf5+ Ke8 40. e6 Rdg7 41. Qd5 Ke7 42. f5 Rg5 43. Qe5 (43. Qc5+ $142 Ke8 {[#]} 44. g3 $1 {[%mdl 512]}) 43... Ke8 44. Kh1 h4 45. Qb8+ Ke7 46. Qb4+ {[%mdl 32832] Double Attack. Accuracy: White = 70%, Black = 28%. . An unexpected result.} 1/2-1/2

[Event "Peace Tournament 2019"]
[Site "Zagreb"]
[Date "2019.11.30"]
[Round "11.2"]
[White "Palac, Mladen"]
[Black "Melkumyan, Hrant"]
[Result "0-1"]
[WhiteElo "2550"]
[BlackElo "2661"]
[Annotator "TA"]
[PlyCount "144"]
[EventDate "2019.11.19"]
[EventType "tourn"]
[EventCountry "CRO"]
[SourceTitle "playchess.com"]
[Source "ChessBase"]
[SourceQuality "1"]

{[%evp 9,144,33,34,42,41,3,35,23,22,33,31,29,32,54,44,17,18,16,15,31,16,18,22,0,0,0,0,-12,-2,-10,-10,-10,0,0,-6,-18,-23,-24,9,11,2,12,18,0,0,6,9,0,0,0,0,0,0,0,0,0,-1,-4,-10,-5,-7,-6,0,0,0,-12,0,0,0,0,0,0,0,-2,-11,-6,-6,-6,-9,-125,-125,-125,-120,-149,-146,-341,-201,-288,-285,-262,-253,-402,-401,-358,-318,-333,-291,-276,-264,-661,-637,-421,-27,-34,-41,-274,-274,-557,-539,-430,-169,-150,-135,-139,-116,-128,-91,-109,-129,-1255,-994,-1399,-1332,-1178,-1046,-1781,-2125,-2822,-1314,-617,-617,-4627,-4622,-4614,-4562,-4614,-4610]} 1. Nf3 d5 2. d4 Bf5 3. c4 e6 4. Nc3 Nf6 5. Nh4 dxc4 (5... Bb4 6. cxd5 Qxd5 7. e3 O-O 8. Be2 Ne4 9. Bd2 Bxc3 10. bxc3 Nxd2 11. Qxd2 Be4 12. f3 Qg5 {½-½ (42) Wojtaszek,R (2733)-Nepomniachtchi,I (2757) Dortmund 2018}) 6. Nxf5 {D06: Queen's Gambit: Symmetrical and Baltic Defences} exf5 7. Bg5 Be7 8. e3 {White is slightly better.} Ne4 $146 ({Predecessor:} 8... O-O 9. Bxc4 Ne4 10. Bxe7 Qxe7 11. O-O Nd7 12. Qe2 Nb6 {0-1 (35) Kalisvaart,P-De Koeijer,F Vlissingen 1996}) 9. Bxe7 Qxe7 10. Bxc4 Nd6 11. Bd3 c6 12. O-O O-O 13. Qc2 g6 14. Rfe1 Nd7 15. f3 Qf6 16. Qf2 Rad8 17. Rad1 Rfe8 18. b4 Nb6 19. e4 fxe4 20. fxe4 Qxf2+ 21. Kxf2 Ndc4 22. Bf1 Nb2 23. Rd2 $1 {[%cal Rd2b2]} N2a4 (23... N6c4 {keeps more tension.} 24. Bxc4 Nxc4 25. Rd3 Kg7 26. a4 f6) 24. Nxa4 Nxa4 25. Bc4 Kg7 26. Re3 Re7 27. Bb3 Nb6 28. Kf3 Nd7 29. Rd1 h5 30. h3 Nf6 31. d5 Nd7 32. dxc6 Ne5+ 33. Kf4 Rxd1 34. Bxd1 Nxc6 $11 {[%mdl 4096] Endgame KRB-KRN} 35. a3 f6 36. Rc3 h4 37. Ba4 Ne5 38. Bb3 g5+ 39. Kf5 Ng6 40. Bd5 Nf4 41. Rc8 $1 {[%cal Rc8g8] Strongly threatening Rg8+.} Re5+ 42. Kg4 Nxd5 43. exd5 Rxd5 {KR-KR} 44. Rc7+ (44. Kh5 $1 $11 {was the only way to keep the balance.}) 44... Kg6 $17 {White must now prevent ...Rd3.} 45. Kf3 Rb5 46. Ke4 a6 47. Re7 $2 (47. Rc3 $17 {was called for.}) 47... b6 (47... Rf5 $142 48. Ke3 Re5+ 49. Rxe5 fxe5) 48. Rb7 (48. Rc7 $142) 48... a5 $19 49. bxa5 Re5+ ({Don't do} 49... Rxa5 50. Rxb6 Rxa3 51. Rc6 $17) 50. Kf3 (50. Kd3 {was forced.} Rxa5 51. Rxb6) 50... bxa5 51. Ra7 Rc5 52. a4 Kf5 53. Ra6 Ke5 54. Ke3 $2 {[#]} (54. g4) 54... f5 $1 55. Ra8 {[#]} f4+ $2 (55... Rc3+ $1 $19 56. Kf2 Kf4 57. Rxa5 g4) 56. Kf3 $1 $11 Kd4 57. Rb8 $2 (57. Rd8+ $15 Kc3 58. Kg4) 57... Rc3+ $19 58. Kf2 $2 (58. Ke2 {is the only way for White.}) 58... Rc4 59. Rb5 Rc5 $2 (59... Rxa4 60. Rxg5 Ke4) 60. Rb8 Re5 61. Rb7 Kc4 62. Rb8 Rd5 63. Rb7 Rd2+ 64. Kf1 $2 {[%mdl 8192]} (64. Kf3 $17) 64... Ra2 {Black is clearly winning.} 65. Rb5 Rxa4 66. Rxg5 Ra1+ 67. Kf2 a4 68. Rg4 a3 (68... Rb1 $142 69. Rxh4 a3 70. Rxf4+ Kb5 71. Rf5+ Kb4 72. Rf4+ Kb5 73. Rf5+ Kb4 74. Rf4+ Kb5) 69. Rxf4+ Kb3 70. Rf8 Rb1 71. Rb8+ Kc2 72. Ra8 Rb3 {Accuracy: White = 40%, Black = 78%.} 0-1

[Event "Peace Tournament 2019"]
[Site "Zagreb"]
[Date "2019.11.30"]
[Round "11.3"]
[White "Cheparinov, Ivan"]
[Black "Ivanchuk, Vassily"]
[Result "1/2-1/2"]
[WhiteElo "2679"]
[BlackElo "2679"]
[Annotator "ChessBase"]
[PlyCount "73"]
[EventDate "2019.11.19"]
[EventType "tourn"]
[EventCountry "CRO"]
[SourceTitle "playchess.com"]
[Source "ChessBase"]
[SourceQuality "1"]
[TimeControl "40/5400+30:1800+30"]

1. d4 {[%emt 0:00:30]} d5 {[%emt 0:00:30]} 2. c4 {[%emt 0:00:00]} c6 {[%emt 0:00:00]} 3. Nf3 {[%emt 0:00:00]} Nf6 {[%emt 0:00:00]} 4. Nc3 {[%emt 0:00:00]} dxc4 {[%emt 0:00:30]} 5. a4 {[%emt 0:00:00]} e6 {[%emt 0:00:30]} 6. e3 {[%emt 0:00:30]} c5 {[%emt 0:00:00]} 7. Bxc4 {[%emt 0:00:30]} cxd4 {[%emt 0:02:00]} 8. Nxd4 {[%emt 0:00:00]} a6 {[%emt 0:00:30]} 9. O-O {[%emt 0:02:00]} Bd6 {[%emt 0:01:30]} 10. Qe2 {[%emt 0:06:30]} Qc7 {[%emt 0:03:30]} 11. h3 {[%emt 0:05:30]} Bd7 {[%emt 0:02:30]} 12. e4 {[%emt 0:12:30]} Nc6 {[%emt 0:03:30]} 13. Nxc6 {[%emt 0:03:30]} Bxc6 {[%emt 0:00:30]} 14. Rd1 {[%emt 0:09:30]} Nd7 {[%emt 0:29:30]} 15. Be3 {[%emt 0:11:30]} O-O {[%emt 0:02:30]} 16. Rac1 {[%emt 0:01:30]} Rac8 {[%emt 0:12:30]} 17. Bb5 {[%emt 0:09:30]} Nb8 {[%emt 0:12:30]} 18. Bxc6 {[%emt 0:04:30]} Nxc6 {[%emt 0:00:30]} 19. Nd5 {[%emt 0:03:30]} Qb8 {[%emt 0:02:30]} 20. Nb6 {[%emt 0:01:30]} Rcd8 {[%emt 0:00:30]} 21. g3 {[%emt 0:04:30]} Rfe8 {[%emt 0:00:30]} 22. Kg2 {[%emt 0:01:30]} Bc7 {[%emt 0:02:30]} 23. h4 {[%emt 0:10:18]} Rxd1 {[%emt 0:01:30]} 24. Rxd1 {[%emt 0:00:18]} Rd8 {[%emt 0:00:30]} 25. f4 {[%emt 0:03:14]} Rxd1 {[%emt 0:05:56]} 26. Qxd1 {[%emt 0:00:03]} Bxb6 {[%emt 0:00:02]} 27. Bxb6 {[%emt 0:00:09]} Qc8 {[%emt 0:00:02]} 28. Qd6 {[%emt 0:00:54]} Nb8 {[%emt 0:00:04]} 29. Kf3 {[%emt 0:04:00]} Nd7 {[%emt 0:04:31]} 30. Bd4 {[%emt 0:00:01]} h5 {[%emt 0:02:37]} 31. b4 {[%emt 0:01:42]} Qc4 {[%emt 0:03:59]} 32. Qxd7 {[%emt 0:00:04]} Qd3+ {[%emt 0:00:05]} 33. Kf2 {[%emt 0:00:11]} Qd2+ {[%emt 0:00:07]} 34. Kf1 {[%emt 0:00:13]} Qd1+ {[%emt 0:00:09]} 35. Kg2 {[%emt 0:01:07]} Qd2+ {[%emt 0:00:10]} 36. Kh3 {[%emt 0:01:47]} Qd1 {[%emt 0:00:16]} 37. Kg2 {[%emt 0:00:03]} 1/2-1/2